000 00714nam a22002297a 4500
001 08283
003 HDC
007 cr bn ---aaaaa
008 210127c20160419my n|| o||| 00| 0 may
040 _aHDC
245 0 _aHanya 148 premis Bumiputera ada sijil halal
336 _atext
_2rdacontent
337 _acomputer
_2rdamedia
338 _aonline resource
_2rdacarrier
650 _aPembangunan Usahawan
_98792
650 _aPerdagangan
_98789
710 _aBerita Harian
856 _zRequest full-text at [email protected]
942 _2lcc
942 _cNEWS
942 _kNWSC 001668
999 _c5606
_d5606